000
00258nam a22001097a 4500
082
_a
531.382 TIM'T
100
_a
THEORY OF ELASTICITY
_9
57378
245
_a
TIMOSHENKO, S,GOODIER, J. N
260
_a
NEWYORK
_b
MCGRAW HILL
_c
1951
300
_a
506P
942
_c
BK
999
_c
567668
_d
567668